The case of the purloined statues : the power of words among the Lionese

Bibliographic Details
Published in:To speak in pairs, ed. by James J. Fox, Cambridge, 1988, P. 202-227 (Cambridge studies in oral and literate culture)
Main Author: Aoki, Erica
Content type: Article
Published: 1988
Source:MPIPL_cat
_version_ 1863687004525428736
author Aoki, Erica
author_facet Aoki, Erica
author_search Aoki, Erica
author_sort Aoki, Erica
author_variant e a ea
collection_details MPIPL
container_reference P. 202-227
container_start_page 202
container_title To speak in pairs : essays on the ritual languages of eastern Indonesia
dedup_id_str MPIPL_cat.PL0052338
dewey-hierarchy 0/[Unassigned]/
dewey-hierarchy_str 0/[Unassigned]/
first_indexed 2026-03-14T00:40:05Z
format 0/Artikel/
format_str 0/Artikel/
fullrecord <?xml version="1.0" encoding="UTF-8"?> <collection xmlns:xsi="http://www.w3.org/2001/XMLSchema-instance" xsi:schemaLocation="http://www.loc.gov/MARC21/slim http://www.loc.gov/standards/marcxml/schema/MARC21slim.xsd" xmlns="http://www.loc.gov/MARC21/slim"> <record> <leader>00000naa a2200000 u 4500</leader> <controlfield tag="001">PL0052338</controlfield> <controlfield tag="003">PLI01000000000000000052071</controlfield> <controlfield tag="005">00000000000000.0</controlfield> <controlfield tag="008"> ||| u </controlfield> <datafield tag="100" ind1="1" ind2=" "> <subfield code="a">Aoki, Erica</subfield> </datafield> <datafield tag="245" ind1="0" ind2="0"> <subfield code="a">The case of the purloined statues</subfield> <subfield code="b">the power of words among the Lionese</subfield> <subfield code="c">Erica Aoki</subfield> </datafield> <datafield tag="260" ind1=" " ind2=" "> <subfield code="c">1988</subfield> </datafield> <datafield tag="952" ind1=" " ind2=" "> <subfield code="j">1988</subfield> <subfield code="h">P. 202-227</subfield> </datafield> <datafield tag="996" ind1=" " ind2=" "> <subfield code="a">Aufsatz</subfield> </datafield> <datafield tag="997" ind1=" " ind2=" "> <subfield code="a">book chapter</subfield> </datafield> <datafield tag="773" ind1="0" ind2="8"> <subfield code="t">To speak in pairs</subfield> <subfield code="a">ed. by James J. Fox</subfield> <subfield code="d">Cambridge, 1988</subfield> <subfield code="g">P. 202-227</subfield> <subfield code="k">Cambridge studies in oral and literate culture</subfield> <subfield code="w">MPIPL_cat.PL0052330</subfield> <subfield code="z">0-521-34332-1</subfield> <subfield code="i">In:</subfield> </datafield> </record> </collection>
hierarchy_parent_id MPIPL_cat.PL0052330
hierarchy_parent_title To speak in pairs : essays on the ritual languages of eastern Indonesia
id MPIPL_cat.PL0052338
illustrated Not Illustrated
institution MPIPL_cat
institution_str MPIPL_cat
isbn 9780521343329
0-521-34332-1
language und
language_str und
last_indexed 2026-04-27T23:41:36Z
local_fields Aufsatz
online false
online_MPIPL_cat false
online_str false
publishDate 1988
publishDate_str 1988
record_format marc
spelling Aoki, Erica
The case of the purloined statues
the power of words among the Lionese
Erica Aoki
1988
To speak in pairs
ed. by James J. Fox
Cambridge, 1988
P. 202-227
Cambridge studies in oral and literate culture
0-521-34332-1
In
spellingShingle Aoki, Erica
The case of the purloined statues : the power of words among the Lionese
title The case of the purloined statues : the power of words among the Lionese
title_full The case of the purloined statues the power of words among the Lionese Erica Aoki
title_fullStr The case of the purloined statues the power of words among the Lionese Erica Aoki
title_full_unstemmed The case of the purloined statues the power of words among the Lionese Erica Aoki
title_search The case of the purloined statues the power of words among the Lionese
title_short The case of the purloined statues
title_sort the case of the purloined statues the power of words among the lionese erica aoki
title_sub the power of words among the Lionese